000 00965nam a22002297a 4500
003 OSt
005 20250930155348.0
008 240319b ||||| |||| 00| 0 eng d
040 _c0
082 _aDPer 621.381 In821 August 2022 v. 37 n. 8
100 _aYe, Yanan.
_eauthor.
_954967
245 _aAnalysis and design of a nonisolated DC transformer with fault current limiting capability /
_cYanan Ye, Xiaotian Zhang, Jiuyang Jin, Yue Wang, and Xu Yang.
260 _aNew York ;
_bThe Institute of Electrical and Electronics Engineers, Inc. ,
_cAugust 2022.
300 _aVolume 37, pages 9876-9888 :
_billustration ;
_c28 cm.
500 _aIEEE Transitions on Power Electronics, v. 37 n. 8, pages 9876-9888, August 2022.
700 _aYe, Yanan.
_eauthor.
_954967
700 _aZhang, Xiaotian.
_eauthor.
_954968
700 _aJin, Jiuyang.
_eauthor.
_954969
700 _aWang, Yue.
_eauthor.
_954970
700 _aYang, Xu.
_eauthor.
_954971
942 _2ddc
_cPER
999 _c19747
_d19747